郑开/郑机/郑焦城际铁路站点 Zhengzhou-Kaifeng/Airport/Jiaozuo intercity stations - Statistics

General Stats
  • This quiz has been taken 32 times
    31 since last reset
  • The average score is 12 of 16
Answer Stats
铁路 车站 % Correct
郑开城际铁路 郑州东站
100%
郑机城际铁路 郑州东站
100%
郑焦城际铁路 郑州站
100%
郑机城际铁路 新郑机场站
89%
郑开城际铁路 宋城路站
86%
郑焦城际铁路 焦作站
86%
郑机城际铁路 郑州航空港站
82%
郑开城际铁路 绿博园站
79%
郑焦城际铁路 南阳寨站
75%
郑焦城际铁路 黄河景区站
71%
郑开城际铁路 贾鲁河站
68%
郑开城际铁路 运粮河站
64%
郑焦城际铁路 武陟站
64%
郑机城际铁路 孟庄站
61%
郑焦城际铁路 修武西站
61%
郑机城际铁路 南曹站
54%
No matching quizzes found
Score Distribution
Percent of People with Each Score
Percentile by Number Answered
Your Score History
You have not taken this quiz since the last reset